Fill in Lyrics Taylor Swift TTPD - Statistics

General Stats
  • This quiz has been taken 312 times
  • The average score is 13 of 16
Answer Stats
Answer % Correct
But Daddy I Love Him Screamin' {But, Daddy, I love him}
95%
The Tortured Poets Department We declared {Charlie Puth} should be a bigger artist
95%
Who’s Afraid of Little Old Me? You wouldn't last an hour in {the asylum} where they raised me
94%
Fortnight I love you {it's ruining my life}
91%
Clara Bow You look like {Taylor Swift} in this light, we're lovin' it
91%
I Can Do It With A Broken Heart Cause i'm a real {tough kid}
90%
Guilty as Sin? What if he's written {mine} on my upper thigh only in my mind?
90%
loml I'll still see it until I die you're {the loss of my life}
89%
So High School You know how to ball, {I know Aristotle}
85%
I Hate It Here I hate it here so I will go to {secret gardens} in my mind
84%
The Smallest Man Who Ever Lived In fifty years, will all this {be declassified}? And you'll confess why you did it
81%
Peter Forgive me, Peter my lost {fearless} leader
77%
The Prophecy I've been on my knees {change the prophecy}
75%
The Alchemy Where's the trophy? {he just comes} runnin' over to me
68%
Florida!!! Little did you know your home's really only {a town you're} just a guest in
66%
The Albatross She's the albatross {she is here to destroy you}
58%
No matching quizzes found
Score Distribution
Percent of People with Each Score
Percentile by Number Answered
Your Score History
You have not taken this quiz